Statistics for All of the cities and 鎮(zhen/town) in township's level in Taiwan

Click here to take the quiz!

General Stats

  • This quiz has been taken 7 times
  • The average score is 33 of 92

Answer Stats

HintAnswer% Correct
cityZhubei
100%
zhenZhudong
100%
cityBanqiao
83%
zhenSanxia
83%
cityXindian
83%
cityXizhi
83%
cityHualien
67%
cityLuzhou
67%
cityMiaoli
67%
zhenRuifang
67%
citySanchong
67%
cityShulin
67%
zhenTamsui
67%
cityTaoyuan
67%
cityTucheng
67%
cityXinzhuang
67%
zhenYingge
67%
cityYonghe
67%
cityZhonghe
67%
zhenZhunan
67%
zhenHoulong
50%
zhenLuodong
50%
cityPuzi
50%
cityTaibao
50%
zhenTongxiao
50%
cityToufen
50%
zhenXinpu
50%
cityYilan
50%
zhenYuanli
50%
zhenYuli
50%
cityZhongli
50%
cityBade
33%
cityChanghua
33%
cityDali
33%
zhenDaxi
33%
zhenFenglin
33%
cityFengshan
33%
zhenHemei
33%
cityLuzhu
33%
cityNantou
33%
cityPingtung
33%
cityPingzhen
33%
zhenSu'ao
33%
cityTaitung
33%
zhenToucheng
33%
cityYangmei
33%
cityYuanlin
33%
zhenBaihe
17%
zhenBeidou
17%
zhenBeigang
17%
zhenBudai
17%
zhenCaotun
17%
zhenChaozhou
17%
zhenChenggong
17%
zhenDaja
17%
zhenDalin
17%
zhenDonggang
17%
zhenDongshi
17%
cityDouliu
17%
zhenDounan
17%
zhenErlin
17%
cityFengyuan
17%
zhenGangshan
17%
zhenGuangxi
17%
zhenGuanshan
17%
zhenHengchun
17%
zhenHuwei
17%
zhenJiali
17%
zhenJincheng
17%
zhenJinhu
17%
zhenJinsha
17%
zhenLukang
17%
zhenMadou
17%
cityMagong
17%
zhenMeinong
17%
zhenPuli
17%
zhenQingshui
17%
zhenQishan
17%
zhenShalu
17%
zhenShanhua
17%
cityTaiping
17%
zhenTianzhong
17%
zhenTuku
17%
zhenWuqi
17%
zhenXihu
17%
zhenXiluo
17%
zhenXinhua
17%
cityXinying
17%
zhenXuejia
17%
zhenYanshui
17%
cityYongkang
17%
zhenZhushan
17%

Score Distribution

Percentile by Number Answered

Percent of People with Each Score

Your Score History

You have not taken this quiz